000 00324nam a22001337a 4500
008 170619b xxu||||| |||| 00| 0 eng d
020 _a0822602601
041 _aeng
080 _a328
100 _a20
101 _aSHP
245 _aA TOPICAL DICTIONARY OF AMERICAN GOVERNMENT AND POLITICS
_cBLEVINS,L.W
942 _2udc
_cBK
999 _c17988
_d17988